All Star Wars: The Acolyte Characters By Screen Time - Statistics

General Stats
  • This quiz has been taken 9 times
  • The average score is 9 of 14
Answer Stats
Screen Time Answer % Correct
1:09:09 Mae Aniseya
100%
1:02:25 Sol
100%
1:22:39 Osha Aniseya
83%
38:25 The Stranger
83%
:04 Yoda
83%
19:08 Aniseya
67%
17:37 Indara
50%
16:40 Jecki Lon
50%
:58 Ki-Adi Mundi
50%
13:08 Koril
50%
19:53 Torbin
50%
15:42 Vernestra Rwoh
50%
16:55 Yord Fandar
50%
19:46 Pip
33%
No matching quizzes found
Score Distribution
Percent of People with Each Score
Percentile by Number Answered
Your Score History
You have not taken this quiz